Normal view
MARC view
- Muhammad Ejaz Ahmed
Entry Personal Name
001 - CONTROL NUMBER
- control field: 99021
003 - CONTROL NUMBER IDENTIFIER
- control field: NUST
005 - DATE AND TIME OF LATEST TRANSACTION
- control field: 20220926162648.0
008 - FIXED-LENGTH DATA ELEMENTS
- fixed length control field: 220926|| aca||aabn | a|a d
040 ## - CATALOGING SOURCE
- Original cataloging agency: NUST
- Transcribing agency: NUST
100 ## - HEADING--PERSONAL NAME
- Personal name: Muhammad Ejaz Ahmed
670 ## - SOURCE DATA FOUND
- Source citation: Work cat.: (NUST)10498: Muhammad Ejaz Ahmed, Channel assignment in multi-interface multi-channel wireless networks [Project MSIT-8], 2011.
